| 000 | 01190nam a22003377a 4500 | ||
|---|---|---|---|
| 003 | CHAP | ||
| 005 | 20220817042359.0 | ||
| 008 | 971013s1984 r 00010 d | ||
| 010 | _a42917 | ||
| 011 | _a43889 | ||
| 035 | _a48026 | ||
| 040 | _cCHAP | ||
| 090 | _aTesis | ||
| 100 | 0 | 0 |
_aPeregirna Bancalari, Francisco Javier. _987107 |
| 245 | _aPropagación vegetativa "in vitro" de tipos de durazno (Prunus persica (L) Batsc) de Tetela del Volcán, edo. de Morelos, México : ensayos preliminares | ||
| 260 |
_aGuadalajara, Jal. : _bEl autor, _c1984 |
||
| 300 |
_a102 h. _b: ilus. |
||
| 502 | _aTesis (Ing. Agrónomo) -- Univ. de Guadalajara. Escuela de Agricultura | ||
| 590 |
_aALEPH _b10 _c20130110 _lUCH01 _h1312 |
||
| 590 |
_aBATCH-UPD _b10 _c20130110 _lUCH01 _h1712 |
||
| 590 |
_aBATCH-UPD _b10 _c20130410 _lUCH01 _h1057 |
||
| 590 |
_aBATCH-UPD _b10 _c20130914 _lUCH01 _h1224 |
||
| 590 |
_aCONVERSION _b10 _c20130109 _lUCH01 _h1324 |
||
| 650 | 1 | 4 |
_aDurazno _xInjertos. |
| 650 | 1 | 4 |
_aDurazno _xMorelos. _934617 |
| 650 | 1 | 4 |
_aDurazno _xPropagación. _934623 |
| 650 | 1 | 4 |
_aDurazno _xVariedades. _934631 |
| 901 | _aBK | ||
| 942 | _cTESIS | ||
| 949 |
_bBC _cTES _d-108909 _eTS1 _h19153 _i48026 _si |
||
| 999 |
_c42917 _d42917 |
||